[Event "EU-ch qual Online"]
[Site "Tornelo INT"]
[Date "2020.12.18"]
[Round "11"]
[White "Okhotnik, Vladimir"]
[Black "Mostbauer, Florian"]
[Result "0-1"]
[WhiteElo "2350"]
[BlackElo "2304"]
[PlyCount "128"]
[EventDate "2020.12.18"]
[EventType "swiss"]
[EventRounds "11"]
[EventCountry "POL"]
[SourceTitle "CBM 199 Extra"]
[Source "ChessBase"]
[SourceDate "2021.01.31"]
[SourceVersion "1"]
[SourceVersionDate "2021.01.31"]
[SourceQuality "1"]

1. e4 c6 2. d3 d5 3. Nd2 e5 4. Ngf3 Bd6 5. Qe2 Bg4 6. h3 Bxf3 7. Nxf3 Nd7 8. d4 dxe4 9. Nxe5 Nxe5 10. dxe5 Bxe5 11. Qxe4 Qe7 12. Bd3 Nf6 13. Qe2 0-0 14. 0-0 Rfe8 15. Qf3 Qc5 16. c3 Rad8 17. Be3 Qa5 18. Bc2 Nd5 19. Bg5 Bf6 20. Bc1 Ne7 21. a4 Ng6 22. Bb3 Qc7 23. Be3 b6 24. Rfd1 Ne5 25. Qe4 Nd3 26. Qf5 Nxb2 27. Rxd8 Rxd8 28. Bc2 Rd5 29. Qxh7+ Kf8 30. Re1 Re5 31. Re2 Qd7 32. f4 Re6 33. Kh2 Nc4 34. Bf5 Nxe3 35. Rxe3 Qd6 36. Rf3 Re2 37. Qh8+ Ke7 38. Qc8 g6 39. Bg4 Re4 40. Kg3 g5 41. Qf5 Rxf4 42. Rxf4 Qxf4+ 43. Qxf4 gxf4+ 44. Kxf4 Bxc3 45. Bf3 Kd6 46. g4 b5 47. axb5 cxb5 48. Be2 Kc5 49. Ke3 a5 50. Kd3 Bf6 51. Kc2 Bg5 52. Bd3 f6 53. Bf5 a4 54. Bd7 Kc4 55. Be8 Kb4 56. Bd7 Ka5 57. Kb2 b4 58. Be8 Bh4 59. Kc2 Bg3 60. Kb2 Be5+ 61. Kc2 b3+ 62. Kc1 Kb4 63. h4 a3 64. h5 a2 0-1

[Event "EU-ch qual Online"]
[Site "Tornelo INT"]
[Date "2020.12.18"]
[Round "7"]
[White "Okhotnik, Vladimir"]
[Black "Zovko, Mario"]
[Result "0-1"]
[WhiteElo "2350"]
[BlackElo "2312"]
[PlyCount "144"]
[EventDate "2020.12.18"]
[EventType "swiss"]
[EventRounds "11"]
[EventCountry "POL"]
[SourceTitle "CBM 199 Extra"]
[Source "ChessBase"]
[SourceDate "2021.01.31"]
[SourceVersion "1"]
[SourceVersionDate "2021.01.31"]
[SourceQuality "1"]

1. e4 c6 2. d4 d5 3. e5 Bf5 4. h4 h5 5. c4 e6 6. Bg5 Qb6 7. Qd2 Nd7 8. c5 Qc7 9. Nc3 Be7 10. b4 f6 11. exf6 gxf6 12. Be3 a6 13. a4 e5 14. Nge2 Bf8 15. Ng3 Bg6 16. Bd3 Bxd3 17. Qxd3 Ne7 18. Qe2 b6 19. Nxh5 Bh6 20. Ng3 Bxe3 21. Qxe3 a5 22. cxb6 Qxb6 23. b5 c5 24. dxc5 Qxc5 25. Qxc5 Nxc5 26. Ke2 Kd7 27. Rab1 Rab8 28. h5 Ke6 29. Rb2 Rh6 30. b6 Rb7 31. Rb5 Kd6 32. Rd1 Kc6 33. Rc1 Kd6 34. Rxa5 Nb3 35. Nb5+ Ke6 36. Ra7 Rxb6 37. Rcc7 Nc6 38. Rab7 Ncd4+ 39. Nxd4+ Nxd4+ 40. Kd3 Rxb7 41. Rxb7 Rh8 42. Rb6+ Kf7 43. a5 Ra8 44. a6 Ne6 45. Rb7+ Ke8 46. a7 Nc5+ 47. Ke3 Nxb7 48. h6 Kf7 49. Nf5 Rxa7 50. h7 Ra8 51. g4 Rh8 52. f4 Rxh7 53. g5 exf4+ 54. Kxf4 fxg5+ 55. Kxg5 Rh1 56. Kf4 Rf1+ 57. Ke5 Rd1 58. Ne3 Re1 59. Kd4 Rxe3 60. Kxe3 Ke6 61. Kd4 Nd8 62. Kc5 Ke5 63. Kb4 Ke4 64. Kc3 Ke3 65. Kc2 d4 66. Kd1 d3 67. Ke1 Ne6 68. Kd1 Nc5 69. Ke1 Ne4 70. Kd1 Nf2+ 71. Ke1 d2+ 72. Kf1 d1Q+ 0-1